Prognózovanie vývoja cestovného ruchu na Slovensku diplomová práca

Enregistré dans:
Détails bibliographiques
Auteur principal: Durajová, Ľudmila
Collectivité auteur: Obchodná fakulta EU. Katedra služieb a cestovného ruchu - zrušené
Autres auteurs: Litomerický, Juraj
Format: Livre
Langue:slovaque
Publié: Bratislava 2008
Tags: Ajouter un tag
Pas de tags, Soyez le premier à ajouter un tag!

MARC

LEADER 00000nam$a2200000$$$4500
001 0087888
005 20240201120207.4
041 0 |a slo 
044 |a SK 
245 1 0 |a Prognózovanie vývoja cestovného ruchu na Slovensku  |b diplomová práca  |c Ľudmila Durajová ; škol. Juraj Litomerický 
264 1 |a Bratislava  |c 2008 
300 |a 83 s. 
100 1 |a Durajová, Ľudmila 
700 1 |a Litomerický, Juraj 
710 2 |a Obchodná fakulta EU. Katedra služieb a cestovného ruchu - zrušené